<?xml version="1.0" encoding="UTF-8"?>
<record
    xmlns:xsi="http://www.w3.org/2001/XMLSchema-instance"
    xsi:schemaLocation="http://www.loc.gov/MARC21/slim http://www.loc.gov/standards/marcxml/schema/MARC21slim.xsd"
    xmlns="http://www.loc.gov/MARC21/slim">

  <leader>01265cam a2200325 a 4500</leader>
  <controlfield tag="005">20150922092557.0</controlfield>
  <controlfield tag="008">030527s2002    ck a    r     00010 spa d</controlfield>
  <datafield tag="015" ind1=" " ind2=" ">
    <subfield code="a">ck-2002-xxxx</subfield>
  </datafield>
  <datafield tag="020" ind1=" " ind2=" ">
    <subfield code="a">9589716806</subfield>
  </datafield>
  <datafield tag="040" ind1=" " ind2=" ">
    <subfield code="a">la </subfield>
    <subfield code="c">la</subfield>
  </datafield>
  <datafield tag="041" ind1="0" ind2=" ">
    <subfield code="a">spa</subfield>
  </datafield>
  <datafield tag="082" ind1="0" ind2="4">
    <subfield code="a">571.9157</subfield>
    <subfield code="b">T68m</subfield>
  </datafield>
  <datafield tag="245" ind1="0" ind2="0">
    <subfield code="a">Manejo de Leptopharsa gibbicarina Froeschner, insecto inductor de la pestalotiopsis / </subfield>
    <subfield code="c">textos Jorge Aldana De La Torre, Rosa Aldana De La Torre y Hugo Calvache Guerrero.</subfield>
  </datafield>
  <datafield tag="250" ind1=" " ind2=" ">
    <subfield code="a">Coordinacion editorial Patricia Bozzi Angel.</subfield>
  </datafield>
  <datafield tag="260" ind1=" " ind2=" ">
    <subfield code="a">Bogota : </subfield>
    <subfield code="b">Centro de Investigacion en Palma de Aceite, </subfield>
    <subfield code="c">2002.</subfield>
  </datafield>
  <datafield tag="300" ind1=" " ind2=" ">
    <subfield code="a">38 p. : </subfield>
    <subfield code="b">il. ; </subfield>
    <subfield code="c">24 cm.</subfield>
  </datafield>
  <datafield tag="504" ind1=" " ind2=" ">
    <subfield code="a">Incluye bibliografia.</subfield>
  </datafield>
  <datafield tag="650" ind1=" " ind2="6">
    <subfield code="a">Palma africana</subfield>
    <subfield code="x"> Enfermedades y plagas.</subfield>
    <subfield code="9">39271</subfield>
  </datafield>
  <datafield tag="650" ind1=" " ind2=" ">
    <subfield code="a">Hormigas</subfield>
    <subfield code="x"> Habitos y conducta.</subfield>
    <subfield code="9">39272</subfield>
  </datafield>
  <datafield tag="650" ind1=" " ind2=" ">
    <subfield code="a">Insectos utiles y perjudiciales.</subfield>
    <subfield code="9">39273</subfield>
  </datafield>
  <datafield tag="650" ind1=" " ind2="6">
    <subfield code="a">Plagas agricolas</subfield>
    <subfield code="x"> Control biologico.</subfield>
    <subfield code="9">39274</subfield>
  </datafield>
  <datafield tag="650" ind1=" " ind2="6">
    <subfield code="a">Pestalotiopsis.</subfield>
    <subfield code="9">39275</subfield>
  </datafield>
  <datafield tag="650" ind1=" " ind2="6">
    <subfield code="a">Chinches</subfield>
    <subfield code="x"> Control.</subfield>
    <subfield code="9">39276</subfield>
  </datafield>
  <datafield tag="700" ind1="1" ind2=" ">
    <subfield code="a">Aldana De La Torre, Jorge, </subfield>
    <subfield code="e">Texto.</subfield>
    <subfield code="9">39277</subfield>
  </datafield>
  <datafield tag="700" ind1="1" ind2=" ">
    <subfield code="a">Aldana De La Torre, Rosa, </subfield>
    <subfield code="e">Texto.</subfield>
    <subfield code="9">39278</subfield>
  </datafield>
  <datafield tag="700" ind1="1" ind2=" ">
    <subfield code="a">Calvache Guerrero, Hugo, </subfield>
    <subfield code="e">texto.</subfield>
    <subfield code="9">39279</subfield>
  </datafield>
  <datafield tag="700" ind1="1" ind2=" ">
    <subfield code="a">Bozzi Angel, Patricia, </subfield>
    <subfield code="e">ed.</subfield>
    <subfield code="9">39280</subfield>
  </datafield>
  <datafield tag="942" ind1=" " ind2=" ">
    <subfield code="2">ddc</subfield>
    <subfield code="c">LIBRO</subfield>
  </datafield>
  <datafield tag="949" ind1=" " ind2=" ">
    <subfield code="a">c   </subfield>
    <subfield code="b">c</subfield>
  </datafield>
  <datafield tag="999" ind1=" " ind2=" ">
    <subfield code="c">6284</subfield>
    <subfield code="d">6284</subfield>
  </datafield>
  <datafield tag="952" ind1=" " ind2=" ">
    <subfield code="0">0</subfield>
    <subfield code="1">0</subfield>
    <subfield code="2">ddc</subfield>
    <subfield code="4">0</subfield>
    <subfield code="7">0</subfield>
    <subfield code="8">GENERAL</subfield>
    <subfield code="I">INV2017</subfield>
    <subfield code="a">Bogota</subfield>
    <subfield code="b">Bogota</subfield>
    <subfield code="d">2008-05-19</subfield>
    <subfield code="e">Instituto</subfield>
    <subfield code="g">15000.00</subfield>
    <subfield code="l">0</subfield>
    <subfield code="o">LB-571.9157 T68m</subfield>
    <subfield code="p">025997</subfield>
    <subfield code="r">2012-12-04 00:00:00</subfield>
    <subfield code="t">Ej.1</subfield>
    <subfield code="w">2012-12-04</subfield>
    <subfield code="x">Donaci&#xF3;n</subfield>
    <subfield code="y">LIBRO</subfield>
  </datafield>
</record>
